| 000 | 00888cam a22002417a 4500 | ||
|---|---|---|---|
| 999 |
_c15976 _d15976 |
||
| 003 | EG-ScBUE | ||
| 005 | 20200119135406.0 | ||
| 008 | 110908s1960 le f 000 0 arp ara d | ||
| 040 |
_aEG-ScBUE _bara _erda _cEG-ScBUE _dEG-ScBUE |
||
| 082 | 0 | 4 |
_a892.716 _bع ي س _222 |
| 100 | 1 |
_aعيسى، سليمان، _d1921- _eمؤلف. _927070 |
|
| 245 | 1 | 0 |
_aحب وبطولة : _bمختارات من الشعر العربي / _cسليمان العيسى. |
| 264 | 1 |
_aبيروت : _bمكتبة دار الشرق، _c[1960] |
|
| 300 |
_a255 صفحة ؛ _c24 سم |
||
| 336 |
_2rdacontent _aنص _btxt |
||
| 337 |
_2rdamedia _aبدون وسيط _bn |
||
| 338 |
_2rdacarrier _aمجلد _bnc |
||
| 590 | _aمروة أشرف | ||
| 650 | 7 |
_aالشعر العربي _xدوادوين وقصائد. _2BUEsh _98018 |
|
| 653 |
_bARALIT _cSeptember2011 _cJuly2019 |
||
| 655 | _vReading book | ||
| 942 |
_2ddc _cBB |
||